000 00338nam a2200145Ia 4500
008 150201s2005 xx 000 0 und d
082 _a610
_bC2005K
100 _aKUMAR & CLERK
245 _aCLINICAL MEDICINE
250 _a6TH
260 _bSAUNDERS
_aPHILADELPHIA
_c2005
300 _a1-1507
650 _aMEDICINE
942 _2ddc
_cBK
_01
999 _c3660
_d3660